EU focus on green jobs

Kaydedildi:
Detaylı Bibliyografya
Müşterek Yazar: European Commission (Yazar)
Materyal Türü: Kitap
Dil:İngilizce
Baskı/Yayın Bilgisi: Luxemburgo European Communities 1999
Konular:
Etiketler: Etiketle
Etiket eklenmemiş, İlk siz ekleyin!

MARC

LEADER 00000nam a2200000 a 4500
001 UCO5691
003 CL-VaPUC
008 000915e19990000LU |||||||||||||||||eng|d
082 0 4 |a 363.7  |b EUR  |2 21 
110 2 |a European Commission  |e author  |9 450465 
245 1 0 |a EU focus on green jobs 
300 |a 18 p 
942 |c BK 
945 |d 20000915 00:00:00  |a rbrito 
260 |a Luxemburgo  |b European Communities  |c 1999 
650 0 |a Protección del medio ambiente  |9 257626 
650 0 |a Medio ambiente  |9 257625 
650 7 |a CONTROL DEL MEDIO AMBIENTE  |2 CL-VaPUC  |9 372003 
651 0 |a Europa  |9 255156 
583 |a last modification  |c 20000915 00:00:00  |k Rodrigo Vera 
999 |c 291531  |d 291529 
952 |0 0  |1 0  |4 0  |6 363_700000000000000_EUR_1999  |7 0  |8 A  |9 341428  |a BIBING  |b BIBING  |d 2019-11-20  |i 3579727  |o 363.7 EUR 1999  |p 3579727  |r 2025-01-20  |w 2019-11-20  |y BK  |k ING